00561nam a2200181Ia 450000500170000000800410001702000150005808200130007310000210008624500450010726000500015230000180020265000200022065000230024094200060026395200950026999900150036420250624031656.0240331s9999 xx 000 0 und d a9559740849 bWICa340 aWickramanayake,A 0aLagu karya patipatiya ha nadu vimarshana aRagamabShweta Sankha Publishing Centrec2005 aXiv, 200 p ., aShort Procedure aCase Investigation cL 001040708LaWERCLbWERCLcSSCd2024-03-31l0o 340 WICp6227r2024-03-31w2024-03-31yL c5253d5253